| 000 | 00758nam a2200217Ia 4500 | ||
|---|---|---|---|
| 008 | 101110s9999 xx 000 0 und d | ||
| 041 | _aMARATHI | ||
| 082 | _bSR34354 | ||
| 100 | _aFondake Bal, Deshapande A.P. (sampa) | ||
| 245 | _aAdhunik maharashtrachi jadanghadan shilpakar charitrakosh kand 3, bhag - 1 : Vidanyan & tantranyan | ||
| 260 |
_c2010 _bSaptahik Vivek, Mumbai |
||
| 300 | _a740 | ||
| 365 | _b900 | ||
| 520 | _aHistory | ||
| 546 | _aMARATHI | ||
| 630 | _aAdhunik maharashtrachi jadanghadan shilpakar charitrakosh kand 3, bhag - 1 : Vidanyan & tantranyan | ||
| 650 | _aHistory | ||
| 655 | _aHistory | ||
| 730 | _aAdhunik maharashtrachi jadanghadan shilpakar charitrakosh kand 3, bhag - 1 : Vidanyan & tantranyan | ||
| 942 | _cBOOK | ||
| 999 |
_c826855 _d826852 |
||